[Event "Pontevedra op-B 10th"]
[Site "Pontevedra"]
[Date "2022.07.29"]
[Round "8.25"]
[White "Costas Senlle, Noa"]
[Black "Bastos Gonzalez, Mario"]
[Result "1/2-1/2"]
[WhiteElo "1358"]
[BlackElo "1170"]
[PlyCount "132"]
[EventDate "2022.07.24"]
[EventType "swiss"]
[EventRounds "9"]
[EventCountry "ESP"]
[SourceTitle "EXT 2023"]
[Source "ChessBase"]
[SourceDate "2022.10.05"]
[SourceVersion "1"]
[SourceVersionDate "2022.10.05"]
[SourceQuality "1"]

1. d4 g6 2. Nf3 Bg7 3. Bf4 d6 4. e3 Nd7 5. h3 e5 6. Bh2 Nh6 7. Be2 f5 8. c4 0-0 9. Nc3 c6 10. Qb3 Qe7 11. 0-0 g5 12. d5 f4 13. e4 g4 14. hxg4 Nxg4 15. Rfd1 Rf6 16. dxc6 bxc6 17. c5+ Kh8 18. cxd6 Qe8 19. Ng5 Nxh2 20. Kxh2 Qg6 21. Nh3 Bf8 22. Qc4 Bb7 23. Na4 Bxd6 24. b4 Rff8 25. Nc5 Nxc5 26. bxc5 Bc7 27. Rd7 Rg8 28. Bf3 Rg7 29. Rad1 Bc8 30. Rxg7 Qxg7 31. Bh5 Bxh3 32. gxh3 Rg8 33. Bg4 h5 34. Bf3 Bd8 35. Qf1 h4 36. Bg4 Qg6 37. Qc4 Qf6 38. Rd6 Qf8 39. Rxc6 f3 40. Rc8 Qf4+ 41. Kg1 Qg5 42. c6 Bb6 43. Rxg8+ Qxg8 44. Qd5 Qxd5 45. exd5 Bc7 46. Bxf3 Kg7 47. Be4 Kf6 48. Kf1 Ke7 49. Ke2 Kd6 50. Kf3 Bd8 51. Kg4 Be7 52. f4 exf4 53. Kxf4 Bd8 54. Ke3 Bf6 55. Kd3 Be7 56. Kc4 Kc7 57. Kb5 Bd6 58. Ka6 Bc5 59. a4 Bd4 60. d6+ Kxd6 61. Kb7 Bb6 62. c7 Bxc7 63. Kxa7 Kc5 64. Ka6 Bd8 65. a5 Kb4 66. Bg2 Bxa5 1/2-1/2